|
|
|
|
| LEADER |
00000ny a22000003n 4500 |
| 005 |
2011051208388.0 |
| 008 |
100322s20059999pe a 0 0 d spa d |
| 022 |
|
|
|a 1027-6769
|
| 035 |
|
|
|a 3216
|
| 040 |
|
|
|a BUS
|d vLex
|
| 090 |
|
|
|c 1758
|d 1758
|
| 245 |
0 |
0 |
|a Pensamiento constitucional
|h [Recurso electrn̤ico]
|
| 256 |
|
|
|a Servicio en ln̕ea
|
| 260 |
|
|
|a Lima :
|b Pontificia Universidad Catl̤ica del Per︢
|
| 300 |
|
|
|a Anual
|
| 506 |
1 |
|
|a Contenido solo disponible en los productos indicados
|d vLex Global
|d vLex Global (Academic Edition, excluding Law Schools)
|d vLex Global (Academic Edition, Law Schools)
|
| 650 |
0 |
4 |
|a Derecho constitucional
|z Per︢
|
| 650 |
0 |
4 |
|a Political science
|
| 650 |
0 |
4 |
|a Human rights law
|
| 650 |
0 |
4 |
|a Philosophy of the Law
|
| 710 |
2 |
|
|a Pontificia Universidad Catl̤ica del Per.︢
|b Maestra̕ en Derecho con Mencin̤ en Derecho Constitucional
|
| 740 |
0 |
|
|a vLex Revista (Servicios en ln̕ea)
|
| 843 |
|
|
|a Electrn̤ica. Cerrada
|
| 853 |
|
|
|8 1
|i (year)
|j (month)
|k (day)
|
| 856 |
4 |
0 |
|u http://vlex.com/source/3216
|z Acceso restringido
|
| 942 |
|
|
|c REV
|